Zarobiť chce klient aj obchodník morálka, etika a snaha o zisk na finančnom trhu
Finančné trhy sú pre bežného spotrebiteľa sofistikovanejšie, než akýkoľvek iný sektor. Dva spôsoby ako možno poškodiť klienta. Zvyšovaním finančnej gramotnosti a vzájomnou kombináciou dôležitých informácií docieliť uvedomelosť klienta. Zapájanie všetkých zainteresovaných strán do vzdelávania, osvety...
Na minha lista:
| Autor principal: | |
|---|---|
| Formato: | Capítulo de Livro |
| Idioma: | eslovaco |
| Assuntos: | |
| Tags: |
Sem tags, seja o primeiro a adicionar uma tag!
|
MARC
| LEADER | 00000naa$a2200000$$$4500 | ||
|---|---|---|---|
| 001 | 0104643 | ||
| 005 | 20240502072140.1 | ||
| 041 | 0 | |a slo | |
| 044 | |a SK | ||
| 245 | 1 | 0 | |a Zarobiť chce klient aj obchodník |b morálka, etika a snaha o zisk na finančnom trhu |c Pavel Škriniar |
| 520 | |a Finančné trhy sú pre bežného spotrebiteľa sofistikovanejšie, než akýkoľvek iný sektor. Dva spôsoby ako možno poškodiť klienta. Zvyšovaním finančnej gramotnosti a vzájomnou kombináciou dôležitých informácií docieliť uvedomelosť klienta. Zapájanie všetkých zainteresovaných strán do vzdelávania, osvety a relevantných informácií na finančnom trhu. | ||
| 610 | 2 | 0 | |a trh finančný |
| 610 | 2 | 0 | |a klienti |
| 610 | 2 | 0 | |a poradenstvo finančné |
| 610 | 2 | 0 | |a ochrana spotrebiteľa |
| 610 | 2 | 0 | |a etika |
| 610 | 2 | 0 | |a morálka |
| 610 | 2 | 0 | |a zisk |
| 100 | 1 | |a Škriniar, Pavel, 1979- | |